000 00721nam a2200301Ia 4500
008 170203s9999 xx 000 0 und d
020 _a978078939284
050 _aFic
050 _bC386m
100 _aCazet, Denys.
245 _aMinnie and Moo go to Paris /
245 _cby Denys Cazet.
250 _a1st ed.
260 _aNew York :
260 _bDK Pub.,
260 _c©1999.
300 _a48 pages :
300 _bcolor illustrations ;
300 _c23 cm
500 _a"A Richard Jackson book"--Title page verso.
650 _aAnimals--
650 _aBuses--
650 _aCows--
650 _aHumurous stories.
650 _xFiction.
650 _xFiction.
650 _xFiction.
999 _c306328
_d306328